000 00293nam a22001337a 4500
008 181004b xxu||||| |||| 00| 0 eng d
020 _a0195034732
041 _aeng
080 _a721
100 _a41
101 _aARK
245 _aA History Of Architecture
_cKostol.S
942 _2udc
_cBK
999 _c48844
_d48844